00295nam a22000977a 4500020001800000082001700018100001700035245007700052260005400129300001400183 a9780143464570 a327.54 SIK/S aSikri, Rajiv aStrategic conundrums:breshaping India's foreign policy/cby Rajiv Sikri a.- Haryanab: Penguin Random HousePvt Ltdc, 2024 a208 pages